000 00955nam a2200241 a 4500
001 37773
003 BD-RjUL
005 20211209052643.0
008 150628s20071975bg a|||| b||| 001 0 ben d
035 _a(BD-RjUL)37877
040 _aBD-RjUL
_bben
_cBD-RjUL
_dBD-RjUL
041 _aben
082 _221
_a307.772095492
_bSAA 1975
100 _aসাত্তার, আবদুস
_9116229
245 _aআরণ্য জনপদে /
_cআবদুস সাত্তার
250 _a২য়. সং.
260 _aঢাকা :
_bআদিল ব্রাদার্স এ্যান্ড কো:
_c১৯৭৫.
300 _a১৪, ৫৪৮ পৃ. :
_bচিত্র ;
_c২২ সেমি.
504 _aগ্রন্থপঞ্জী ও নির্ঘন্ট সংযুক্ত।
650 _aউপজাতি
_zবাংলাদেশ
_9116230
650 _aTribes
_zBangladesh
_9116231
942 _2ddc
_cBK
_04
999 _c37773
_d37773